| 000 | 00372nam a2200145Ia 4500 | ||
|---|---|---|---|
| 005 | 20251222140046.0 | ||
| 008 | 251222s1900||||xx |||||||||||||| ||spa|| | ||
| 020 | _a9788495269324 | ||
| 082 | _a252.31/P27 | ||
| 100 | _aPascual Torró, Joaquín | ||
| 245 | 0 | _aFuente de Agua Viva: | |
| 250 | _a1ra. ed. | ||
| 264 | _bFacultad de Teología San Vicente Ferrer | ||
| 942 | _cLIB | ||
| 999 |
_c3434 _d3434 |
||